| 000 | 00498nam a2200169Ia 4500 | ||
|---|---|---|---|
| 999 |
_c13756 _d13756 |
||
| 003 | OSt | ||
| 005 | 20201109135234.0 | ||
| 008 | 190216s9999||||xx |||||||||||||| ||und|| | ||
| 040 | _coclc | ||
| 082 |
_a821 _bSUN/S |
||
| 100 |
_aSundararaghavan, Padma Malini _96357 |
||
| 245 | 0 |
_aSelections From Hopkins / _cPadma Malini Sundararaghavan |
|
| 260 |
_bMacmillan, _c1990. _aHyderabad: |
||
| 300 | _a87p | ||
| 650 | _aEnglish General | ||
| 942 |
_cBK _2ddc _h821 _iSUN/S _k821 _mSUN/S |
||